000
00368cam a2200169ua 4500
020
_c
Rs.1.25
041
_a
mal
_h
082
_a
894.812 1
_b
THI/BH
100
_a
Thikkurissi, K.V .
245
_a
Bhakranangal
260
_a
Quilon :
_b
M.S Book Depot ,
_c
1963.
300
_a
80 ; .
365
_a
Rs.1.25
504
_a
942
_c
BK
999
_c
608
_d
608